Normal view
MARC view
- Nasir, Muhammad Anas
Entry Personal Name
001 - CONTROL NUMBER
- control field: 121353
003 - CONTROL NUMBER IDENTIFIER
- control field: NUST
005 - DATE AND TIME OF LATEST TRANSACTION
- control field: 20240226164857.0
008 - FIXED-LENGTH DATA ELEMENTS
- fixed length control field: 240226|| aca||aabn | a|a d
040 ## - CATALOGING SOURCE
- Original cataloging agency: NUST
- Transcribing agency: NUST
100 ## - HEADING--PERSONAL NAME
- Personal name: Nasir, Muhammad Anas
670 ## - SOURCE DATA FOUND
- Source citation: Work cat.: (NUST): Nasir, Muhammad Anas, Tribological Performance Analysis of Grey Cast-Iron against 52100 Steel Ball Bearing with Poly-alpha olefin Lubricant with Nano Additives under Reciprocating Motion /
